2024 U.S. Election Quiz - Statistics

General Stats
  • This quiz has been taken 17 times
  • The average score is 19 of 27
Answer Stats
Hint Answer % Correct
Democratic candidate Kamala Harris
100%
Trump was the first president to seek a nonconsecutive term since Teddy Roosevelt (1912)
100%
Republican candidate Donald Trump
94%
Republican VP candidate JD Vance
94%
Swing states (name any) PA | MI | WI | AZ | NV | GA | NC
94%
Democratic VP candidate Tim Walz
94%
Harris was the second [race] person to win a major party nomination in U.S. history Black
88%
Incumbent president that dropped out of the race Joe Biden
88%
Billionaire who supported Trump during the election cycle Elon Musk
81%
Trump was the first president to win a nonconsecutive term since Grover Cleveland
81%
Harris was the second _____ to win a major party nomination in U.S. history Woman
81%
Major election issues Border / Immigration
75%
Foreign wars that were a major campaign issue Israel-Gaza War
75%
Foreign wars that were a major campaign issue Ukraine-Russia War
75%
Major election issues Economy
69%
Trump was the first Republican to win the _____ ____ since George W. Bush (2004) Popular vote
69%
A few months before the election, Trump was convicted of __ felonies 34
63%
Major election issues Abortion
63%
Biden was the first eligible incumbent to withdraw since President Lyndon B. Johnson (1968)
63%
Harris was the first [race] person to win a major party nomination in U.S. history Indian
56%
When elected, Trump was the ____ president in U.S. history Oldest
56%
And JD Vance, when elected, was the 2nd _____ VP in U.S. history Youngest
56%
Major Muslim-majority city that swung to Trump Dearborn, MI
44%
Green Party candidate Jill Stein
44%
Libertarian Party candidate Chase Oliver
31%
Major election issues Foreign Policy / Wars
31%
Major election issues Democracy
6%
No matching quizzes found
Score Distribution
Percent of People with Each Score
Percentile by Number Answered
Your Score History
You have not taken this quiz